Normal view MARC view
  • ARGENTINA -

Entry Nombre Geográfico

Number of records used in: 2

001 - NÚMERO DE CONTROL

  • campo de control: 9731

003 - IDENTIFICADOR DE NUMERO DE CONTROL

  • campo de control: UPN

005 - FECHA Y HORA DE LA ÜLTIMA TRANSACCIÓN

  • campo de control: 20210219193738.0

008 - DATOS DE LONGITUD FIJA

  • campo de control de longitud fija: nabaccnnaabn|||||||||| b |nc|||||d

035 ## - NÚMERO DE CONTROL

  • Número de control: UPN10000009737

040 ## - FUENTE DE CATALOGACIÓN

  • Lenguaje de catalogación: SPA
  • Agencia de transcripción: UPN

151 ## - ENCABEZAMIENTO - NOMBRE GEOGRÁFICO

  • Nombre geográfico: ARGENTINA -
  • Subdivisión general : POLITICA Y GOBIERNO -
  • Subdivisión cronológica : 2002-

670 ## - FUENTE EN LA QUE SE LOCALIZARON DATOS

  • Cita de la fuente: LC
  • Información localizada: Argentina - Politics and government - 2002-

902 ## - CATALOGADOR

  • Catalogador: MCM/290508